Fraktale-Formen-Punktfelder : Methoden der Geometrie-Statistik /
Guardado en:
| Autor Principal: | |
|---|---|
| Otros Autores: | |
| Formato: | Libro |
| Idioma: | German |
| Publicado: |
Berlin :
Akademie Verlag,
c1992.
|
| Etiquetas: |
Agregar Etiqueta
Sin Etiquetas, Sea el primero en etiquetar este registro!
|
| LEADER | 00631nam a22001815a 4500 | ||
|---|---|---|---|
| 001 | MAT.inmabb003410 | ||
| 008 | 051115s1992####gw#a#####b####001#0#ger#d | ||
| 005 | 20130321162201.0 | ||
| 245 | 1 | 0 | |a Fraktale-Formen-Punktfelder : |b Methoden der Geometrie-Statistik / |c Dietrich Stoyan, Helga Stoyan. |
| 260 | |a Berlin : |b Akademie Verlag, |c c1992. | ||
| 300 | |a 394 p. : |b il. ; |c 25 cm. | ||
| 504 | |a Incluye referencias bibliográficas e índices. | ||
| 510 | 4 | |a MR, |c 94g:60023 | |
| 020 | |a 3055014286 | ||
| 100 | 1 | |a Stoyan, Dietrich. | |
| 700 | 1 | |a Stoyan, Helga. | |
| 084 | |a 60D05 (60G55 62-01 62M30) |2 msc2000 | ||
| 859 | |h 60 |i St893 |p A-6762 |b BIB. MATEMATICA | ||
